UBT Library

World religions : (Record no. 47113)

000 -LEADER
fixed length control field 00849cam a2200277 a 4500
001 - CONTROL NUMBER
control field 212021
005 - DATE AND TIME OF LATEST TRANSACTION
control field 20180814064739.0
008 - FIXED-LENGTH DATA ELEMENTS--GENERAL INFORMATION
fixed length control field 990114s1998 mnuab b 001 0 eng d
010 ## - LIBRARY OF CONGRESS CONTROL NUMBER
LC control number 99164241
020 ## - INTERNATIONAL STANDARD BOOK NUMBER
International Standard Book Number 088489486X (alk. paper)
035 ## - SYSTEM CONTROL NUMBER
System control number (DLC) 99164241
035 ## - SYSTEM CONTROL NUMBER
System control number (OCoLC)40617152
035 ## - SYSTEM CONTROL NUMBER
System control number 3824-24060
040 ## - CATALOGING SOURCE
Original cataloging agency OCo
Transcribing agency OCo
Modifying agency DLC
041 ## - LANGUAGE CODE
Language code of text/sound track or separate title eng
042 ## - AUTHENTICATION CODE
Authentication code lccopycat
080 ## - UNIVERSAL DECIMAL CLASSIFICATION NUMBER
Universal Decimal Classification number 94
082 ## - DEWEY DECIMAL CLASSIFICATION NUMBER
Classification number 94
100 1# - Rafti
Rafti 16
101 ## - Shkurtesa
Shkurtesa HIS
245 10 - TITLE STATEMENT
Title World religions :
Statement of responsibility, etc Jeffrey Brodd ; with an introduction by Gregory Sobolewski.
504 ## - BIBLIOGRAPHY, ETC. NOTE
Bibliography, etc Includes bibliographical references and index.
906 ## - LOCAL DATA ELEMENT F, LDF (RLIN)
a 7
b cbc
c copycat
d 3
e ncip
f 19
g y-gencatlg
942 ## - ADDED ENTRY ELEMENTS (KOHA)
Source of classification or shelving scheme
Item type Books
Holdings
Withdrawn status Lost status Source of classification or shelving scheme Damaged status Not for loan Collection code Permanent location Current location Shelving location Date acquired Total Checkouts Full call number Barcode Date last seen Price effective from Koha item type
          Koleksioni i përgjithshem UBT - Lipjan UBT - Lipjan Koleksioni i përgjithshem 08/14/2018   94 BRO 002-3011271 08/14/2018 08/14/2018 Books
UBT Library © 2015-2024. All rights reserved University Education for Business and Technology